| 000 | 00000nam##2200000za#4500 |
| 001 | 9.623452 |
| 003 | CaOODSP |
| 005 | 20200327174421 |
| 007 | ta |
| 008 | 150406|1994||||xxc||||| f|0| 0 fre|d |
| 020 | |a0-662-80436-8 |
| 022 | |a1188-7990 |
| 040 | |aCaOODSP|bfre |
| 043 | |an-cn--- |
| 086 | 1 |aEn1-17/15-1995F |
| 110 | 1 |aCanada. |bEnvironnement Canada. |bService de la protection de l'environnement. |
| 245 | 10|aDéchets dangereux: décontamination de condensateurs aux BPC par le procédé Décontaksolv / |cpar Jacques Dion et Jean Lapointe. |
| 260 | |aMontréal - Québec : |bEnvironnement Canada. |c1994. |
| 300 | |a4p. : |bfigures en couleur, tableaux ; |c28 cm. |
| 490 | 1 |aTechnologies Saint-Laurent|x1188-7990 |
| 563 | |aDépliant |
| 590 | |a95-29|b1995-07-21 |
| 691 | 07|aDéchets dangereux|2gcpds |
| 720 | 1 |aDion, Jacques |
| 720 | 1 |aLapointe, Jean |
| 775 | 08|tHazardous wastes: Decontaksolv process for the decontamination of PCB capacitors / |w(CaOODSP)9.612476 |
| 776 | 0#|tDéchets dangereux. Décontamination de condensateurs aux BPC par le procédé Décontaksolv |w(CaOODSP)9.601849 |
| 830 | #0|aTechnologies Saint-Laurent,|x1188-7990|w(CaOODSP)9.512939 |